| 000 | 02673nam a2200373 i 4500 | ||
|---|---|---|---|
| 003 | DO-SdBNP | ||
| 005 | 20260305074000.0 | ||
| 007 | ta | ||
| 008 | 250516b2024 dr a|||| |||| 00| 0 spa d | ||
| 020 | _a9789945251210 | ||
| 040 |
_aDO-SdBNP _bspa _cBNPHU _erda |
||
| 041 | _aspa | ||
| 082 | 4 |
_axxx _bG377ce _222 |
|
| 100 | 1 |
_aGerón, Candido, _d1948- _eautor _4aut. _93577 |
|
| 245 | 1 | 0 |
_aCentenario de Gilberto Hernández Ortega 1923-2023 / _cCándido Gerón ; cuidado de edición, Cándido Gerón ; diseño general, Alexander Araujo Batista ; colaboradores, Gilberto Hernández hijo y Juan Julio Bodden ; fotografías, Gilberto Hernández hijo y Mariano Hernández. |
| 250 | _aPrimera edición | ||
| 264 | 4 |
_aSanto Domingo : _bArchivo General de la Nación, _c©2024. |
|
| 300 |
_a169 páginas : _bilustraciones, fotografías ; _c31 cm. |
||
| 336 |
_atexto _btxt _2rdacontent |
||
| 337 |
_asin mediación _bn _2rdamedia |
||
| 338 |
_avolumen _bnc _2rdacarrier |
||
| 490 | 0 |
_aPublicaciones del Archivo General de la Nación ; _v527 |
|
| 500 | _aIncluye datos biográficos del autor en las solapas | ||
| 505 | _aIntroducción, 14.-- Gilberto Hernández Ortega y el paraíso de lo inefable, 36.-- Artículos, 64.-- Exposición bienal de las artes plásticas. Manuel Valldeperes, 65.-- En el Salón de las Bellas Artes de Ciudad Trujillo. Gilberto Hernández Ortega, expone esta vez pinturas. Jacinto Gimbernard (padre), 68.-- Hernández Ortega en la Galería Nacional. Manuel Valldeperes, 70.-- Gilberto Hernández Ortega. Un pintor con ojos de poeta. Antonio Fernández Spencer, 76.-- Suro y su mensaje pictórico. Antonio Fernández Spencer, 80.-- Cinco óleos de Hernández Ortega. Jacinto Gimbernard (padre), 84.-- Pintor dice que América ha de glorificar sus valores. P. A. Reyes-Vargas, 89.-- La exposición de G. Hernández Ortega. Freddy Miller, 94.-- En torno a la pintura de G. Hernández Ortega. Francisco Antonio Cruz, 100.-- La exposición de G. Hernández Ortega. José Manuel Gómez du-Breil, 105.-- Gilberto Hernández Ortega. Manuel Valerio, 110.-- Gilberto Hernández Ortega en la Galería de Bellas Artes. Franklin Mieses Burgos, 116.-- Homenaje a Hernández Ortega. Freddy Gatón Arce, 122.-- Biografía, 169. | ||
| 590 | _aInventariado, 2025 LP | ||
| 700 | 1 |
_aAraujo Batista, Alexander _ediseñador _4di. _987788 |
|
| 700 | 1 |
_aGerón, Cándido, _eeditor _4ed. _982130 |
|
| 700 | 1 |
_aHernández, Gilberto (hijo) _ecolaborador _4col. _987789 |
|
| 700 | 1 |
_aBodden, Juan Julio _ecolaborador _4col. _987790 |
|
| 700 | 1 |
_aHernández, Mariano _efotógrafo _4fot. |
|
| 700 | 1 |
_aHernández, Mariano _efotógrafo _4fot. |
|
| 910 | _aLP | ||
| 942 |
_2ddc _cLBS1 |
||
| 999 |
_c58837 _d58837 |
||